Statistiques concernant Pays par déforestation

Cliquez ici pour prendre le quiz!

Statistiques générales

  • Ce quiz a été pris 5 916 fois
  • Le résultat moyen est 8 sur 18

Statistiques - réponses

km2%Pays% Correct
531 670Brésil
99%
76 810Argentine
80%
59 153Colombie
80%
77 850R. D. Congo
71%
80 310Bolivie
68%
275 350Indonésie
68%
41,3Niger
40%
98 600Tanzanie
40%
102 41059,4Nigeria
38%
56,3Ouganda
29%
101 770Birmanie
28%
41,7Pakistan
28%
81 02036,6Zimbabwe
25%
43,6Honduras
21%
31,0Nicaragua
21%
72,6Togo
21%
38,7Corée du Nord
13%
45,9Mauritanie
13%

Distribution des résultats

Percentile par nombre de réponses

% des personnes avec chaque résultat

Votre développement - résultats

Vous n’avez pas pris ce quiz